[Event "Belogradchik op"]
[Site "Belogradchik"]
[Date "2010.09.08"]
[Round "4"]
[White "Milchev, Miroslav"]
[Black "Enchev, Evgeni"]
[Result "1/2-1/2"]
[WhiteElo "2200"]
[BlackElo "1984"]
[PlyCount "69"]
[EventDate "2010.09.06"]
[EventType "swiss"]
[EventRounds "5"]
[EventCountry "BUL"]
[SourceTitle "CBM 138 Extra"]
[Source "ChessBase"]
[SourceDate "2010.10.29"]
[SourceVersion "1"]
[SourceVersionDate "2010.10.29"]
[SourceQuality "1"]

1. d4 Nf6 2. c4 g6 3. Nc3 Bg7 4. e4 d6 5. Nf3 0-0 6. Be2 e5 7. dxe5 dxe5 8. Qxd8 Rxd8 9. Bg5 Re8 10. Nd5 Nxd5 11. cxd5 c6 12. Bc4 cxd5 13. Bxd5 Nc6 14. 0-0 Nb4 15. Bb3 Be6 16. Rfd1 Bxb3 17. axb3 Nc2 18. Rac1 Nd4 19. Nxd4 exd4 20. f3 Re5 21. Bh4 Rb5 22. Rd3 Be5 23. Bf2 Rd8 24. Rc4 Rd6 25. g3 g5 26. b4 a5 27. bxa5 Rxb2 28. Bxd4 Bxd4+ 29. Rdxd4 Rh6 30. h4 gxh4 31. gxh4 Rxh4 32. Rb4 Ra2 33. Ra4 Re2 34. Rdb4 Rhh2 35. Rxb7 1/2-1/2

[Event "BUL-chT U18"]
[Site "Pleven"]
[Date "2004.12.02"]
[Round "2"]
[White "Enchev, Evgeni"]
[Black "Mladenov, Plamen"]
[Result "0-1"]
[WhiteElo "1848"]
[BlackElo "2201"]
[PlyCount "104"]
[EventDate "2004.12.01"]
[EventType "team-tourn"]
[EventRounds "6"]
[EventCountry "BUL"]
[SourceTitle "CBM 103 Extra"]
[Source "ChessBase"]
[SourceDate "2005.01.01"]
[SourceVersion "1"]
[SourceVersionDate "2005.01.01"]
[SourceQuality "1"]

1. d4 Nf6 2. c4 d6 3. Nf3 g6 4. Nc3 Bf5 5. Nh4 Bg4 6. h3 Bc8 7. e4 Bg7 8. Bg5 0-0 9. Qd2 c5 10. d5 a6 11. Bd3 Nbd7 12. Nf3 b5 13. 0-0 Nb6 14. b3 b4 15. Ne2 a5 16. a4 bxa3 17. Rxa3 Bd7 18. Ng3 e5 19. Rfa1 a4 20. b4 cxb4 21. Qxb4 Qc7 22. Be3 Rfb8 23. c5 Nbxd5 24. cxd6 Rxb4 25. dxc7 Nxc7 26. Bc5 Rb7 27. Bd6 Nb5 28. Bxb5 Rxb5 29. Bxe5 Re8 30. Bc3 Rb6 31. Ne5 Bb5 32. Rb1 Reb8 33. Ng4 Nxg4 34. Bxg7 Kxg7 35. hxg4 Bd7 36. Rxb6 Rxb6 37. e5 Rb3 38. Ra1 a3 39. f3 Be6 40. Kh2 Bd5 41. Ne4 Bxe4 42. fxe4 Kf8 43. e6 fxe6 44. e5 g5 45. Ra2 Ke7 46. Ra1 Kd7 47. Rd1+ Kc7 48. Rd6 Rb6 49. Rd1 a2 50. Ra1 Rb2 51. Kg3 Kc6 52. Kf3 Kb5 0-1

[Event "BUL-ch U20"]
[Site "Pleven"]
[Date "2004.02.08"]
[Round "7"]
[White "Enchev, Evgeni"]
[Black "Myumyun, Myumyun"]
[Result "1-0"]
[WhiteElo "1990"]
[BlackElo "1860"]
[PlyCount "55"]
[EventDate "2004.02.10"]
[EventType "swiss"]
[EventRounds "9"]
[EventCountry "BUL"]
[SourceTitle "EXT 2005"]
[Source "ChessBase"]
[SourceDate "2004.11.15"]
[SourceVersion "1"]
[SourceVersionDate "2004.11.15"]
[SourceQuality "1"]

1. d4 e6 2. c4 f5 3. g3 Nf6 4. Bg2 Be7 5. Nc3 d5 6. Nh3 0-0 7. cxd5 exd5 8. 0-0 c6 9. Nf4 Ne4 10. Nd3 Nd7 11. Be3 Bf6 12. f3 Nxc3 13. bxc3 Qe7 14. Bc1 Nb6 15. Re1 Be6 16. Qb3 h5 17. Ba3 Qf7 18. Bxf8 Rxf8 19. Nc5 h4 20. Nxe6 Qxe6 21. e4 fxe4 22. fxe4 hxg3 23. exd5 gxh2+ 24. Kh1 Qg4 25. dxc6+ Kh7 26. cxb7 Bxd4 27. cxd4 Rf2 28. Qh3+ 1-0

[Event "BUL-ch U20"]
[Site "Pleven"]
[Date "2004.02.05"]
[Round "3"]
[White "Mladenov, Ilian"]
[Black "Enchev, Evgeni"]
[Result "1-0"]
[WhiteElo "2235"]
[BlackElo "1990"]
[PlyCount "79"]
[EventDate "2004.02.10"]
[EventType "swiss"]
[EventRounds "9"]
[EventCountry "BUL"]
[SourceTitle "EXT 2005"]
[Source "ChessBase"]
[SourceDate "2004.11.15"]
[SourceVersion "1"]
[SourceVersionDate "2004.11.15"]
[SourceQuality "1"]

1. d4 Nf6 2. Bg5 e6 3. e4 h6 4. Bxf6 Qxf6 5. Nc3 b6 6. Qd2 Bb7 7. 0-0-0 Bb4 8. f3 Qg5 9. Qxg5 hxg5 10. Nge2 Nc6 11. Nb5 0-0-0 12. a3 Be7 13. c4 a6 14. Nbc3 Rh6 15. h3 Rdh8 16. Kb1 f6 17. Nc1 g6 18. Be2 f5 19. Rhe1 Bf6 20. e5 Bg7 21. Bf1 Re8 22. Nb3 Rhh8 23. a4 a5 24. c5 Nb4 25. cxb6 cxb6 26. Rc1 Kb8 27. Nb5 Bd5 28. Nd2 Rc8 29. Nc4 Rc6 30. Nbd6 g4 31. hxg4 fxg4 32. fxg4 Bh6 33. Rc3 Rf8 34. Rh3 Bg5 35. b3 Be7 36. Nb5 Bxc4 37. Bxc4 d6 38. exd6 Bxd6 39. Rf3 Re8 40. d5 1-0

[Event "BUL-ch U20"]
[Site "Pleven"]
[Date "2004.02.05"]
[Round "2"]
[White "Vassilev, Plamen"]
[Black "Enchev, Evgeni"]
[Result "1/2-1/2"]
[WhiteElo "1955"]
[BlackElo "1990"]
[PlyCount "96"]
[EventDate "2004.02.10"]
[EventType "swiss"]
[EventRounds "9"]
[EventCountry "BUL"]
[SourceTitle "EXT 2005"]
[Source "ChessBase"]
[SourceDate "2004.11.15"]
[SourceVersion "1"]
[SourceVersionDate "2004.11.15"]
[SourceQuality "1"]

1. d4 Nf6 2. Nf3 g6 3. c4 Bg7 4. Nc3 0-0 5. e4 d6 6. Be2 e5 7. 0-0 Nc6 8. d5 Ne7 9. b4 a5 10. Ba3 axb4 11. Bxb4 Nd7 12. Nd2 f5 13. Nb3 Nf6 14. Bd3 c5 15. dxc6 Nxc6 16. a3 Be6 17. Qe2 Nxb4 18. axb4 Rxa1 19. Rxa1 fxe4 20. Bxe4 Nxe4 21. Nxe4 b5 22. Na5 bxc4 23. Nxc4 d5 24. Nc5 Qf6 25. Ra6 Bg4 26. Rxf6 Bxe2 27. Rxf8+ Kxf8 28. Nxe5 Ke7 29. f4 g5 30. g3 gxf4 31. gxf4 Bf6 32. Kf2 Bb5 33. Ke3 Be8 34. Nb3 Kd6 35. Nd3 Bd8 36. Nd4 Bb6 37. Ne5 Bb5 38. Nef3 Ke7 39. Kd2 Bd7 40. Kc3 Kf6 41. Ne5 Bc8 42. b5 h5 43. Ndc6 h4 44. Nb4 Bb7 45. Kd3 h3 46. Nc2 Bc5 47. Ne3 Bd6 48. Nc2 Ke6 1/2-1/2